[Event "It (open) \"]
[Site "Caleta (England)"]
[Date "2010.02.03"]
[Round "9"]
[White "Perez Pardo Juan Carlos (ESP)"]
[Black "Lipecki Alexander (SUI)"]
[Result "1-0"]
[WhiteElo "2292"]
[BlackElo "2143"]

1.Nf3 Nf6 2.c4 d6 3.d4 Bg4 4.e3 g6 5.Nc3 Bg7 6.h3 Bxf3 7.Qxf3 Nc6 8.d5 Nb4
9.Qd1 Nd7 10.Bd2 Nc5 11.Qb1 a5 12.Be2 O-O 13.a3 Nb3 14.axb4 Nxa1 15.Qxa1 axb4
16.Na4 Qd7 17.Bd1 e6 18.dxe6 fxe6 19.Qa2 b5 20.cxb5 Qxb5 21.Qxe6+ Kh8 22.b3 c5
23.Be2 Qb8 24.O-O Qc7 25.Bf3 Ra7 26.Qc4 Qd8 27.Bd5 Re7 28.Bc1 Qd7 29.Bb2 Rf5
30.Bxg7+ Kxg7 31.Nb2 Rg5 32.Nd3 Qxh3 33.Nf4 Qg4 34.Ne6+ Rxe6 35.Qxg4 Rxg4
36.Bxe6 Re4 37.Bd5 Re7 38.Ra1 Kf6 39.e4 Ke5 40.f3 {#r} 1-0

[Event "Ch USA (amateur) (team) East"]
[Site "Parsippany (USA)"]
[Date "2010.02.15"]
[Round "6"]
[White "Korley Kassa (USA)"]
[Black "Yeliseyev Igor (USA)"]
[Result "1-0"]
[WhiteElo "2296"]
[BlackElo "2135"]

1.d4 Nf6 2.c4 d6 3.Nf3 Bg4 4.Nbd2 c6 5.h3 Bh5 6.g4 Bg6 7.Bg2 e6 8.Nh4 d5
9.Nxg6 hxg6 10.e4 dxe4 11.Nxe4 Nxe4 12.Bxe4 Bb4+ 13.Kf1 Nd7 14.Qb3 Nf6 15.Bf3
Qe7 16.c5 Ba5 17.Qa4 Qd8 18.Bg5 Bc7 19.d5 exd5 20.Re1+ Kf8 21.Qd4 b6 22.Kg2
Rc8 23.b4 a5 24.bxa5 bxa5 25.Re2 Rb8 26.Rhe1 Rb4 27.Qa1 Bb8 28.Bxf6 gxf6
29.Re8+ Qxe8 30.Rxe8+ Kxe8 31.Qxf6 Rg8 32.Qxc6+ Ke7 33.Qxd5 Rd8 34.Qg5+ f6
35.Qxg6 Rd2 36.g5 Be5 37.gxf6+ Bxf6 38.Qh7+ Kd8 39.Qg8+ Ke7 40.Bg4 Bd4 41.Qe6+
{#r} 1-0

[Event "It (open)"]
[Site "Novy Bor (Czech Republic)"]
[Date "2010.02.16"]
[Round "5"]
[White "Sindler Michal (CZE)"]
[Black "Kucera Jaroslav (CZE)"]
[Result "1-0"]
[WhiteElo "2197"]
[BlackElo "1959"]

1.d4 d6 2.Nf3 Bg4 3.c4 Nf6 4.Nc3 Nbd7 5.Nd2 e5 6.d5 Be7 7.f3 Bh5 8.e4 g5 9.Be2
a5 10.Nf1 h6 11.Be3 Bg6 12.Ng3 Nh5 13.Nxh5 Bxh5 14.Qd2 Bg6 15.Bd3 Nf6 16.Bc2
Qc8 17.O-O-O Nd7 18.Kb1 Nb6 19.Bd3 f6 20.h4 Kf7 21.Rh2 Kg7 22.Rdh1 Qd7 23.g3
Na4 24.Ne2 b6 25.f4 g4 26.h5 Bf7 27.Nc3 Nxc3+ 28.Qxc3 Rag8 29.Qd2 Be8 30.Be2
Bf8 31.Rh4 Kh7 32.Qd1 Qc8 33.Bxg4 Bd7 34.Bxd7 Qxd7 35.Qf3 Be7 36.f5 Qa4 37.b3
Qb4 38.Kb2 a4 39.Rg4 axb3 40.axb3 Ra8 41.Bc1 Ra6 42.Rg6 Bf8 43.Qe3 Bg7 44.Rh4
Rha8 45.Qxh6+ Bxh6 46.Rxh6+ Kg8 47.Rg4+ Kf8 48.Rh8+ Kf7 49.Rh7+ {#r} 1-0

[Event "Ch St. Petersburg (1/2 final)"]
[Site "St. Petersburg (Russia)"]
[Date "2010.02.16"]
[Round "4"]
[White "Serov Maksim (RUS)"]
[Black "Nikitinyh Boris (RUS)"]
[Result "1-0"]
[WhiteElo "2375"]
[BlackElo "2229"]

1.d4 Nf6 2.c4 d6 3.Nf3 Bg4 4.Qb3 Nc6 5.d5 Na5 6.Qa4+ c6 7.Bd2 b6 8.b4 Bd7
9.bxa5 cxd5 10.Qb3 dxc4 11.Qxc4 Rc8 12.Qb3 bxa5 13.Nc3 a4 14.Qb7 Bc6 15.Qxa7
e5 16.Rb1 Be7 17.e3 O-O 18.Qb6 Rc7 19.Bb5 Be4 20.Rd1 Bxf3 21.gxf3 d5 22.Bxa4
Bc5 23.Qb1 Qc8 24.Qd3 Rd8 25.Nb5 Qa6 26.Bb3 Rcd7 27.a4 Qe6 28.Rg1 g6 29.Bc3
Qe7 30.Bb2 Nh5 31.Qf5 Bxe3 32.fxe3 Qh4+ 33.Kf1 d4 34.Rg2 Ng3+ 35.Rxg3 Qxg3
36.Qxf7+ Rxf7 37.Bxf7+ Kxf7 38.hxg3 Ra8 39.Ra1 dxe3 40.Bxe5 {#r} 1-0

[Event "Bundesliga 2009/10 (w)"]
[Site "Germany"]
[Date "2010.02.20"]
[Round "6"]
[White "Cmilyte Viktorija (LTU)"]
[Black "Markgraf Claudia (GER)"]
[Result "1-0"]
[WhiteElo "2513"]
[BlackElo "2029"]

1.d4 Nf6 2.c4 d6 3.Nf3 Bg4 4.g3 g6 5.Bg2 Bg7 6.Qb3 Qc8 7.Ne5 c6 8.Nxg4 Nxg4
9.h3 Nf6 10.e4 O-O 11.Be3 Nfd7 12.f4 e5 13.dxe5 dxe5 14.f5 Na6 15.O-O gxf5
16.exf5 Rd8 17.Nc3 Ndc5 18.Qc2 f6 19.a3 Kh8 20.b4 Nd7 21.Ne4 Nb6 22.g4 Qd7
23.Rfd1 Qe7 24.Bf1 Rac8 25.Qf2 Rxd1 26.Rxd1 Rd8 27.Rxd8+ Qxd8 28.g5 fxg5 29.f6
Bf8 30.Qf5 h6 31.Qxe5 Nd7 32.Qf5 Qc7 33.f7 Qe5 34.Qxe5+ Nxe5 35.Bd4 {#r} 1-0

[Event "Ch Denmark (team) 2009/10"]
[Site "Denmark"]
[Date "2010.03.01"]
[Round "5"]
[White "Brynell Stellan (SWE)"]
[Black "Hjorth Torben (DEN)"]
[Result "1-0"]
[WhiteElo "2492"]
[BlackElo "2154"]

1.d4 Nf6 2.Nf3 d6 3.c4 Bg4 4.Qb3 Qc8 5.h3 Bxf3 6.Qxf3 g6 7.g3 Bg7 8.Bg2 c6
9.Nc3 O-O 10.O-O Nbd7 11.b3 Qc7 12.Bb2 Rfe8 13.Rfd1 e5 14.Qd3 Rad8 15.e3 Qb8
16.Qc2 Nh5 17.b4 f5 18.dxe5 dxe5 19.g4 fxg4 20.hxg4 Nhf6 21.g5 Nh5 22.Ne4 Nf8
23.c5 Rxd1+ 24.Rxd1 Qc7 25.Qc4+ Kh8 26.Bh3 h6 27.Nd6 Re7 28.gxh6 Bxh6 29.Qh4
Bg7 30.Ne4 Kg8 31.Bf1 Kh7 32.Rd6 b5 33.Bd3 Kg8 34.Bc2 Bh6 35.Kf1 Re8 36.Nf6+
Nxf6 37.Qxh6 Qh7 38.Qxh7+ N6xh7 39.f4 exf4 40.Bb3+ {#r} 1-0

[Event "Ch Europe"]
[Site "Rijeka (Croatia)"]
[Date "2010.03.11"]
[Round "6"]
[White "Tate Alan (SCO)"]
[Black "Mrva Martin (SVK)"]
[Result "0-1"]
[WhiteElo "2234"]
[BlackElo "2471"]

1.Nf3 Nf6 2.c4 d6 3.d4 Bg4 4.Qb3 Qc8 5.h3 Bh5 6.g4 Bg6 7.Bg2 Nbd7 8.Nc3 e5
9.Be3 c6 10.Nh4 Be7 11.O-O-O O-O 12.Nxg6 fxg6 13.dxe5 Nxe5 14.f4 Nf7 15.Kb1
Nd7 16.Ne4 Qc7 17.Bd4 Rfe8 18.h4 Nc5 19.Qc3 Bf8 20.Ng5 h6 21.Nxf7 Qxf7 22.Bxc5
dxc5 23.e3 Qe6 24.g5 Rad8 25.Rxd8 Rxd8 26.Bf3 Re8 27.Re1 Qh3 28.Bd1 Qxh4
29.Bc2 hxg5 30.Bxg6 Re6 31.f5 Rd6 32.e4 Rd4 33.e5 g4 34.Qc1 g3 35.f6 gxf6
36.e6 Be7 37.Rh1 g2 38.Rg1 Qh2 39.Qe3 Rf4 40.Qe1 {#R} 0-1

[Event "Ch Vietnam"]
[Site "Ho Chi Minh City (Vietnam)"]
[Date "2010.03.27"]
[Round "3"]
[White "Nguyen Duc Hoa (VIE)"]
[Black "Tu Hoang Thai (VIE)"]
[Result "1/2-1/2"]
[WhiteElo "2385"]
[BlackElo "2379"]

1.d4 Nf6 2.c4 d6 3.Nf3 Bg4 4.Nc3 Nbd7 5.e4 e5 6.Be2 c6 7.Be3 Be7 8.O-O O-O
9.h3 Bh5 10.Qc2 Re8 11.Rfd1 Qc7 12.a3 Bf8 13.dxe5 Nxe5 14.Nxe5 dxe5 15.Bxh5
Nxh5 16.Rd2 Red8 17.Rad1 b6 18.Qa4 Rxd2 19.Rxd2 h6 20.Qd1 Nf6 21.f3 Be7 22.Ne2
Rd8 23.Ng3 Rxd2 24.Qxd2 Bf8 25.Kh2 Qd7 26.Nh5 Qe6 27.Nxf6+ Qxf6 28.Qd7 Bc5
29.Bxc5 bxc5 30.Kg1 Qf4 31.Qc8+ Kh7 32.Qf5+ Qxf5 33.exf5 g6 34.fxg6+ Kxg6
35.Kf2 f5 36.g4 Kg5 37.gxf5 a5 38.Ke3 Kxf5 39.b3 Kf6 40.Ke4 Ke6 41.Kd3 Kf5
42.Ke3 Kf6 43.Ke4 Ke6 {#d} 1/2-1/2

[Event "It (open)"]
[Site "San Sebastian (Spain)"]
[Date "2010.03.30"]
[Round "3"]
[White "Berdote Alonso Carlos (ESP)"]
[Black "Vicente Ezeiza Mikel (ESP)"]
[Result "1/2-1/2"]
[WhiteElo "1508"]
[BlackElo "1659"]

1.d4 d6 2.Nf3 Nf6 3.c4 Bg4 4.e3 Nbd7 5.h3 Bh5 6.Be2 e5 7.d5 Bxf3 8.gxf3 a5
9.Nc3 Nc5 10.e4 Qd7 11.Be3 g6 12.Bxc5 dxc5 13.Qa4 Bh6 14.Qxd7+ Kxd7 15.Rd1 c6
16.dxc6+ Kxc6 17.Nd5 Nh5 18.Ne7+ Kc7 19.Nd5+ Kc6 20.Ne7+ Kc7 21.Nd5+ Kc6 {#d}
1/2-1/2

[Event "Ch Hungary (team) 2009/10"]
[Site "Hungary"]
[Date "2010.04.18"]
[Round "10"]
[White "Flumbort Andras (HUN)"]
[Black "Szieberth Adam (HUN)"]
[Result "1-0"]
[WhiteElo "2550"]
[BlackElo "2320"]

1.d4 d6 2.Nf3 Bg4 3.c4 Nf6 4.Nc3 e6 5.Qb3 Qc8 6.g3 Nc6 7.d5 Bxf3 8.exf3 Nd4
9.Qd1 e5 10.Bg2 Be7 11.O-O O-O 12.f4 Nd7 13.fxe5 dxe5 14.f4 f6 15.Kh1 Rb8
16.Be3 c5 17.dxc6 bxc6 18.fxe5 fxe5 19.Qd2 Nb6 20.b3 Qg4 21.Ne4 Nf5 22.Bg1 h5
23.Qa5 h4 24.h3 Nxg3+ 25.Nxg3 Qxg3 26.Qxa7 Bd6 27.c5 Ra8 28.Rxf8+ Bxf8 29.Qxb6
Be7 30.Qxc6 {#r} 1-0

[Event "Cup Croatia (team)"]
[Site "Sibenik (Croatia)"]
[Date "2010.05.23"]
[Round "6"]
[White "Cvitan Ognjen (CRO)"]
[Black "Vidovic Sasa (CRO)"]
[Result "1/2-1/2"]
[WhiteElo "2531"]
[BlackElo "2356"]

1.Nf3 Nf6 2.c4 d6 3.d4 Bg4 4.Nc3 e5 5.e4 Be7 6.Be2 Nbd7 7.Be3 c6 8.h3 Bh5
9.O-O O-O 10.Nh4 Bxe2 11.Qxe2 Nxe4 12.Nxe4 Bxh4 13.Nxd6 Qf6 14.dxe5 Qxe5
15.Rad1 Bf6 16.Nxb7 Qc7 17.Nd6 Ne5 18.Rd2 Ng6 19.Rfd1 a5 20.Ne4 Be7 21.Bc5
Bxc5 22.Nxc5 Rfe8 23.Qf3 Ne5 24.Qg3 Qe7 25.Qe3 Nxc4 26.Qxe7 Rxe7 27.Rd8+ Re8
28.Rxa8 Rxa8 29.b3 Na3 30.Rd6 Nc2 31.Nb7 Nb4 32.a3 Nc2 33.a4 g6 34.Rxc6 Nd4
35.Rc5 Nxb3 36.Rb5 Nd4 37.Rxa5 Rxa5 38.Nxa5 {#d} 1/2-1/2

[Event "It (open)"]
[Site "Stillwater (USA)"]
[Date "2010.05.28"]
[Round "2"]
[White "Karagianis Pete (USA)"]
[Black "Glassman Arthur (USA)"]
[Result "1-0"]
[WhiteElo "2222"]
[BlackElo "2007"]

1.d4 Nf6 2.c4 d6 3.Nf3 Bg4 4.Qb3 Qc8 5.g3 Nbd7 6.Bg2 Rb8 7.Nbd2 c5 8.h3 Bf5
9.Nh4 Bg6 10.d5 Bh5 11.g4 Bg6 12.f4 h6 13.Nxg6 fxg6 14.Qc2 Kf7 15.g5 Nh5
16.Be4 hxg5 17.Bxg6+ Kg8 18.Nf3 Nxf4 19.Bxf4 gxf4 20.Ng5 Rh6 21.Bh7+ {#r} 1-0

[Event "Cup Mitropa"]
[Site "Chur (Switzerland)"]
[Date "2010.06.04"]
[Round "7"]
[White "Zilka Stepan (CZE)"]
[Black "Hug Werner (SUI)"]
[Result "1/2-1/2"]
[WhiteElo "2479"]
[BlackElo "2459"]

1.d4 Nf6 2.c4 d6 3.Nf3 Bg4 4.Nc3 g6 5.e4 Bxf3 6.Qxf3 Nfd7 7.d5 Bg7 8.Be2 a5
9.O-O Na6 10.Qh3 Nac5 11.Bh6 O-O 12.f4 c6 13.Kh1 Qb6 14.Rab1 Qb4 15.Qh4 Bf6
16.Qe1 Rfe8 17.a3 Qb6 18.b4 axb4 19.axb4 Na6 20.Bg4 Nab8 21.c5 Qd8 22.Rf3 Bh8
23.Rd1 cxd5 24.exd5 dxc5 25.Be6 Qb6 26.Ne4 {#d} 1/2-1/2

[Event "Ch Switzerland (team) 2010"]
[Site "Switzerland"]
[Date "2010.06.13"]
[Round "4"]
[White "Carron Julien (SUI)"]
[Black "Hug Werner (SUI)"]
[Result "0-1"]
[WhiteElo "2394"]
[BlackElo "2459"]

1.d4 Nf6 2.c4 d6 3.Nf3 Bg4 4.Qb3 Qc8 5.Bg5 Nbd7 6.Nc3 g6 7.g3 Bg7 8.Bg2 c6
9.Nd2 Be6 10.h3 b5 11.Rc1 bxc4 12.Nxc4 Qa6 13.Na4 Rb8 14.Qc2 Rb4 15.b3 Bxc4
16.Bd2 Rxa4 17.bxa4 d5 {#R} 0-1

[Event "It (open)"]
[Site "Teplice (Czech Republic)"]
[Date "2010.06.20"]
[Round "9"]
[White "Bernasek Jan (CZE)"]
[Black "Priehoda Vitezslav (CZE)"]
[Result "1-0"]
[WhiteElo "2490"]
[BlackElo "2385"]

1.d4 d6 2.Nf3 Bg4 3.c4 Nf6 4.Nc3 c6 5.Be3 g6 6.Qd2 Nbd7 7.g3 Bxf3 8.exf3 d5
9.c5 e5 10.Bh3 Bg7 11.f4 exd4 12.Bxd4 O-O 13.O-O Re8 14.Rfe1 Qc7 15.b4 Rxe1+
16.Rxe1 Re8 17.Rxe8+ Nxe8 18.Bxg7 Nxg7 19.Ne4 Ne8 20.Qd4 Qd8 21.Ng5 Qe7 22.Nf3
Nc7 23.Bxd7 Qxd7 24.Qe3 Ne8 25.Qe5 f6 26.Qb8 a6 27.Nd4 Kf7 28.f3 Ng7 29.g4 h5
30.h3 Qe7 31.Kf2 f5 32.Qc8 hxg4 33.fxg4 a5 34.Nf3 Ne8 35.a3 axb4 36.axb4 fxg4
37.hxg4 Nf6 38.Ne5+ Kg7 39.Kf3 Ne4 40.Qh8+ Kxh8 41.Nxg6+ Kg7 42.Nxe7 Nc3
43.Nf5+ Kg6 44.Nd6 d4 45.f5+ {#r} 1-0

[Event "It (open)"]
[Site "Znin (Poland)"]
[Date "2010.06.30"]
[Round "6"]
[White "Grabarczyk Miroslaw (POL)"]
[Black "Olszewski Marek (POL)"]
[Result "1-0"]
[WhiteElo "2475"]
[BlackElo "2128"]

1.d4 Nf6 2.c4 d6 3.Nf3 Bg4 4.Qb3 Qc8 5.h3 Bh5 6.g3 Nbd7 7.Bg2 e5 8.Be3 Be7
9.Nc3 O-O 10.Nh4 c6 11.Nf5 Re8 12.Nxe7+ Rxe7 13.O-O Ne8 14.dxe5 dxe5 15.Qb4
Kf8 16.Rad1 f6 17.Rd2 Kf7 18.Rfd1 Bg6 19.Nd5 Re6 20.Nc7 Nxc7 21.Rxd7+ Kg8
22.Bxa7 Be8 23.R7d2 b5 24.cxb5 Nxb5 25.Bb6 Qa6 26.Qc4 Kf7 27.Rd7+ {#r} 1-0

[Event "It (a) (open)"]
[Site "Kostroma (Russia)"]
[Round "1"]
[White "Sergienko Anton (RUS)"]
[Black "Kalugin Sergei (RUS)"]
[Result "0-1"]
[WhiteElo "1964"]
[BlackElo "2457"]

1.d4 d6 2.Nf3 Nf6 3.c4 Bg4 4.Nc3 Nbd7 5.h3 Bxf3 6.exf3 e6 7.Be2 c6 8.O-O d5
9.cxd5 exd5 10.Qc2 Bd6 11.Be3 O-O 12.Rfc1 Re8 13.Rab1 a5 14.a3 Rc8 15.b4 axb4
16.axb4 b5 17.Qf5 Nb6 18.Bg5 h6 19.Bh4 Qd7 20.Bd3 Qxf5 21.Bxf5 Ra8 22.Bxf6
gxf6 23.Bd3 Ra3 24.Bf1 Rd8 25.g3 Nc4 26.Bxc4 dxc4 27.f4 Bf8 28.d5 Rxc3 29.Rxc3
cxd5 30.Kf1 d4 31.Rcc1 d3 32.Rc3 Ra8 33.Ke1 f5 34.Kd2 Ra2+ 35.Ke3 Bg7 36.Rcc1
Re2+ 37.Kf3 Bd4 38.Rf1 Kg7 39.g4 Kf6 40.Kg3 c3 41.Kf3 c2 {#R} 0-1

[Event "Ch China (team)"]
[Site "Shanghai (China)"]
[Date "2010.07.24"]
[Round "7"]
[White "Xiu Deshun (CHN)"]
[Black "Zhang Pengxiang (CHN)"]
[Result "1-0"]
[WhiteElo "2521"]
[BlackElo "2593"]

1.d4 d6 2.c4 Nf6 3.Nf3 Bg4 4.Nc3 g6 5.g3 Bg7 6.Bg2 c6 7.O-O Qc8 8.b3 O-O 9.Bb2
d5 10.cxd5 Nxd5 11.Nxd5 cxd5 12.Rc1 Nc6 13.Ne5 Bxe5 14.dxe5 Rd8 15.Rc5 Qf5
16.Rxc6 bxc6 17.f3 d4 18.fxg4 Qxe5 19.Qd3 Rac8 20.Qc4 e6 21.Bc1 g5 22.Bf3 h6
23.Kg2 Kg7 24.Rd1 c5 25.Bb2 Kg8 26.Rh1 Kg7 27.h4 Rh8 28.Qd3 Rcd8 29.Qe4 Qxe4
30.Bxe4 h5 31.hxg5 hxg4 32.Rc1 {#r} 1-0

[Event "Ch France (accession)"]
[Site "Belfort (France)"]
[Round "8"]
[White "Fantinel Thibault (FRA)"]
[Black "Bonn Thomas (FRA)"]
[Result "0-1"]
[WhiteElo "2220"]
[BlackElo "2253"]

1.Nf3 Nf6 2.c4 d6 3.d4 Bg4 4.Nc3 Bxf3 5.exf3 g6 6.Be3 Bg7 7.Qb3 Qc8 8.Be2 O-O
9.O-O c6 10.Rac1 Nbd7 11.d5 c5 12.f4 Rb8 13.Qc2 a6 14.a4 Bh6 15.Rfe1 Kh8
16.Bd3 Rg8 17.Qe2 Qf8 18.h4 Nh5 19.Qf3 f5 20.Bd2 Ne5 21.fxe5 Bxd2 22.e6 Bxc1
23.Rxc1 Qh6 24.Ne2 Qd2 25.Rc2 Qd1+ 26.Kh2 Nf6 27.Ng1 Ng4+ 28.Kh1 Qe1 29.Re2
Qd1 30.Bc2 Qd4 31.b3 b5 32.Qg3 bxc4 33.Nf3 Qc3 34.Qf4 cxb3 35.Bb1 Rb4 36.Qg5
Qf6 {#R} 0-1

[Event "Memorial J.Kochan (open)"]
[Site "Koszalin (Poland)"]
[Round "2"]
[White "Watorek Marcin (POL)"]
[Black "Szmidt Przemyslaw (POL)"]
[Result "0-1"]
[WhiteElo "2079"]
[BlackElo "2031"]

1.d4 Nf6 2.Nf3 d6 3.c4 Bg4 4.Nc3 Nbd7 5.e4 e5 6.Be2 Be7 7.Be3 c6 8.O-O O-O
9.Qc2 Qc7 10.h3 Bh5 11.Nh4 Bxe2 12.Nxe2 Rfe8 13.Nf5 Bf8 14.Neg3 exd4 15.Bxd4
g6 16.Rae1 gxf5 17.Nxf5 Re6 18.Qd2 Ne8 19.Re3 Ne5 20.f4 Nxc4 21.Rg3+ Rg6
22.Qe2 d5 23.h4 Ncd6 24.h5 Rxg3 25.Nxg3 f6 26.Qg4+ Qg7 27.Qe6+ Kh8 28.e5 Qf7
29.Qh3 Nb5 30.Be3 Rd8 31.a4 d4 32.Bd2 Nbc7 33.Ne4 Qd5 34.Qd3 c5 35.exf6 Qf5
36.f7 Nd6 37.Qg3 Nxf7 38.Ng5 Nd5 39.Nxf7+ Qxf7 40.f5 Bd6 41.Qh4 Rg8 42.h6 Ne3
43.Bxe3 dxe3 44.Qe4 Re8 45.Qd3 Qf6 46.Re1 Qxh6 47.Qc3+ Be5 48.Qxc5 Qh2+ 49.Kf1
Qh1+ 50.Ke2 Qxg2+ {#R} 0-1

[Event "It (open)"]
[Site "Trieste (Italy)"]
[Date "2010.09.04"]
[Round "1"]
[White "Vidic Miha (SLO)"]
[Black "Bogdanovski Vlatko (MKD)"]
[Result "0-1"]
[WhiteElo "2016"]
[BlackElo "2398"]

1.d4 Nf6 2.Nf3 d6 3.c4 Bg4 4.Qb3 Qc8 5.Nc3 g6 6.Nd2 Bg7 7.f3 Bd7 8.e4 Nh5 9.d5
a5 10.c5 dxc5 11.a4 O-O 12.Nc4 Na6 13.Be3 Bd4 14.Rd1 e5 15.dxe6 Bxe6 16.Bxd4
cxd4 17.Rxd4 Nb4 18.Be2 Nf4 19.Kf2 Rd8 20.Rhd1 Rxd4 21.Rxd4 Qf8 22.Qd1 Nc6
23.Rd2 Bxc4 24.Bxc4 Qc5+ 25.Kf1 Qxc4+ 26.Kg1 Qc5+ 27.Kh1 Nb4 28.g3 Ne6 29.Kg2
Qe7 30.e5 Qg5 31.Qe1 Nf4+ 32.Kh1 Nfd3 33.Qe2 Qxe5 {#R} 0-1

[Event "Ch India (challengers)"]
[Site "Bhiwani (India)"]
[Date "2010.09.19"]
[Round "5"]
[White "Kamble Vikramaditya (IND)"]
[Black "Praveen Prasad P (IND)"]
[Result "1-0"]
[WhiteElo "2354"]
[BlackElo "2256"]

1.Nf3 Nf6 2.c4 d6 3.d4 Bg4 4.Qb3 Qc8 5.Nbd2 c6 6.e4 Na6 7.h3 Bxf3 8.Qxf3 e5
9.d5 c5 10.Be2 Nc7 11.a3 Nd7 12.b4 Rb8 13.Nb3 b6 14.h4 Be7 15.Qg3 Bf6 16.Bg4
Na6 17.b5 Nc7 18.Bg5 Qd8 19.Bxd7+ Kxd7 20.a4 h6 21.Bd2 Ke7 22.Qf3 h5 23.Bg5
Qc8 24.a5 Rb7 25.Ke2 Ne8 26.Qf5 Qd7 27.axb6 axb6 28.Ra8 Qxf5 29.exf5 Rf8
30.Rha1 Bxg5 31.hxg5 Kd7 32.Nd2 Rh8 33.Ne4 h4 34.R1a7 Rxa7 35.Rxa7+ Kc8
36.Rxf7 {#r} 1-0

[Event "Ch Continental Class"]
[Site "Arlington (USA)"]
[Date "2010.10.11"]
[Round "8"]
[White "Yang Darwin (USA)"]
[Black "Ivanov Alexander (USA)"]
[Result "1/2-1/2"]
[WhiteElo "2402"]
[BlackElo "2532"]

1.d4 d6 2.Nf3 Nf6 3.c4 Bg4 4.Nbd2 Nbd7 5.g3 e5 6.Bg2 c6 7.Qc2 Qe7 8.e4 g6
9.O-O exd4 10.Nxd4 Qe5 11.N2b3 Qh5 12.f3 Bh3 13.Bf4 Bxg2 14.Qxg2 O-O-O 15.g4
Qh4 16.Bg3 Qh6 17.Qe2 Qg7 18.c5 Nb8 19.cxd6 Bxd6 20.e5 Rhe8 21.exf6 Qxf6
22.Qf2 Bxg3 23.hxg3 Nd7 24.Kg2 h5 25.Rfe1 hxg4 26.fxg4 Qxf2+ 27.Kxf2 Ne5
28.Kf1 Nxg4 29.Rxe8 Rxe8 30.Nd2 Ne3+ 31.Kg1 Nd5 32.N4f3 Nb4 33.a3 Nd3 34.b3 f6
35.Rd1 Nc5 36.b4 Na4 37.Nc4 Kc7 38.Kf2 Nc3 39.Rd3 Ne4+ 40.Kg2 b5 41.Ncd2 a5
42.Re3 axb4 43.axb4 Nd6 44.Rd3 Nf5 45.Kf2 {#d} 1/2-1/2

[Event "It (open)"]
[Site "Arco (Italy)"]
[Date "2010.10.16"]
[Round "1"]
[White "Eperjesi Laszlo Dr (HUN)"]
[Black "Pajcin Jovan (NED)"]
[Result "1-0"]
[WhiteElo "2194"]
[BlackElo "1869"]

1.d4 Nf6 2.c4 d6 3.Nf3 Bg4 4.Qb3 Bxf3 5.gxf3 Qc8 6.Bg2 c6 7.e4 e5 8.Be3 Be7
9.Nd2 Nbd7 10.f4 Ng4 11.fxe5 Nxe3 12.Qxe3 dxe5 13.Bh3 exd4 14.Qxd4 f6 15.Rg1
g6 16.O-O-O c5 17.Qd5 Qc6 18.Qxc6 bxc6 19.Nb3 O-O-O 20.Kc2 Kc7 21.f4 Nb6
22.Rxd8 Rxd8 23.Bf1 Nd7 24.h4 Nf8 25.Bh3 h6 26.h5 g5 27.fxg5 fxg5 28.Rf1 Kd6
29.Rf7 Ne6 30.e5+ {#r} 1-0

[Event "Ch World (seniors)"]
[Site "Arco (Italy)"]
[Date "2010.10.28"]
[Round "3"]
[White "Pushkov Nikolai (RUS)"]
[Black "Micheli Carlo (ITA)"]
[Result "1/2-1/2"]
[WhiteElo "2466"]
[BlackElo "2263"]

1.d4 d6 2.Nf3 Bg4 3.c4 Nf6 4.Nc3 Nbd7 5.e4 e5 6.Be2 c6 7.Be3 Be7 8.O-O O-O
9.d5 Ne8 10.Ne1 Bxe2 11.Qxe2 c5 12.g3 g6 13.Bh6 Ng7 14.f4 f5 15.Nd3 Bf6
16.exf5 gxf5 17.fxe5 Bxe5 18.Bxg7 Kxg7 19.Nf4 Bxf4 20.Rxf4 Ne5 21.Raf1 Qd7
22.Qc2 Rae8 23.Nd1 Ng6 24.Rxf5 Rxf5 25.Rxf5 Re1+ 26.Rf1 b5 27.b3 bxc4 28.bxc4
Qg4 29.Ne3 Qf3 30.Qf2 Qxf2+ 31.Kxf2 Kf6 32.Kf3 Ke5 33.Nc2 h5 34.h3 Kf5 35.g4+
hxg4+ 36.hxg4+ Kg5 37.Ne3 Ne5+ 38.Kg3 a6 39.a3 a5 40.a4 Kg6 41.Kf4 Nd3+ 42.Ke4
Ne5 43.Kf4 Nd3+ 44.Ke4 Ne5 {#d} 1/2-1/2

[Event "Tournament (open)"]
[Site "Perm (Russia)"]
[Date "2010.11.15"]
[Round "1"]
[White "Tiunova Anna (RUS)"]
[Black "Podvalnikov Boris (RUS)"]
[Result "1/2-1/2"]
[WhiteElo "1840"]
[BlackElo "2156"]

1.d4 Nf6 2.c4 d6 3.Nf3 Bg4 4.e3 c6 5.Nc3 Qc7 6.Be2 Nbd7 7.O-O e5 8.Qc2 Be7
9.b3 O-O 10.Ba3 Rfe8 11.h3 Bh5 12.Rad1 Bf8 {#d} 1/2-1/2

[Event "It (open)"]
[Site "Belgrade (Serbia)"]
[Date "2010.11.24"]
[Round "1"]
[White "Hrzic Ivan (SRB)"]
[Black "Marjanovic Dragan (SRB)"]
[Result "1-0"]
[WhiteElo "2273"]
[BlackElo "1874"]

1.d4 Nf6 2.c4 d6 3.Nf3 Bg4 4.Nc3 Nbd7 5.h3 Bxf3 6.exf3 e6 7.g4 h6 8.f4 c6
9.Bd3 Qc7 10.O-O Be7 11.Ne2 Nf8 12.b4 g6 13.a4 h5 14.g5 N6d7 15.d5 e5 16.fxe5
Nxe5 17.f4 Nxd3 18.Qxd3 f5 19.Bb2 Rh7 20.Nd4 O-O-O 21.a5 Kb8 22.a6 c5 23.Nb5
Qb6 24.bxc5 dxc5 25.Be5+ Bd6 26.Nxd6 Rxd6 27.Rfb1 {#r} 1-0

[Event "Ch Lithuania (team)"]
[Site "Lithuania"]
[Date "2010.12.12"]
[Round "4"]
[White "Zickus Simonas (LTU)"]
[Black "Beinoras Mindaugas (LTU)"]
[Result "0-1"]
[WhiteElo "2320"]
[BlackElo "2350"]

1.Nf3 d6 2.d4 Nf6 3.c4 Bg4 4.Nc3 Bxf3 5.exf3 Nbd7 6.Bd3 e5 7.d5 g6 8.O-O Bg7
9.Be3 O-O 10.Re1 c5 11.a3 a6 12.Rb1 Rc8 13.Qd2 Ne8 14.Rec1 f5 15.Qd1 Nef6
16.b4 cxb4 17.axb4 Kh8 18.Qb3 e4 19.fxe4 Ne5 20.Be2 Nfg4 21.exf5 Qh4 22.h3
Nxe3 23.fxe3 Bh6 24.Na4 Rxf5 25.Rf1 Qg3 26.Rf4 Bxf4 27.exf4 Qxf4 28.Kh1 Qe4
{#R} 0-1

[Event "It (open)"]
[Site "Aschach (Austria)"]
[Date "2010.12.27"]
[Round "2"]
[White "Knoll Hermann (AUT)"]
[Black "Schwabeneder Florian (AUT)"]
[Result "1-0"]
[WhiteElo "2382"]
[BlackElo "2156"]

1.Nf3 Nf6 2.c4 d6 3.d4 Bg4 4.Nc3 g6 5.Qb3 Qc8 6.e4 Bg7 7.Be3 O-O 8.Nd2 e5 9.d5
Na6 10.Qa3 Nh5 11.b4 f5 12.f3 f4 13.Bf2 Bd7 14.c5 dxc5 15.bxc5 c6 16.Nc4 Nf6
17.Nd6 Qc7 18.Nxb7 Nb8 19.Nd6 cxd5 20.Nxd5 Nxd5 21.Bc4 Kh8 22.Bxd5 Bc6 23.O-O
Bf6 24.Rab1 Nd7 25.Nb5 Bxb5 26.Rxb5 Rab8 27.Ra5 Be7 28.Rxa7 Qc8 29.Rc1 {#r}
1-0

[Event "Extra League 2010/11"]
[Site "Czech Republic"]
[Date "2011.01.09"]
[Round "5"]
[White "Rojicek Vojtech (CZE)"]
[Black "Nedela Vlastimil (CZE)"]
[Result "1-0"]
[WhiteElo "2406"]
[BlackElo "2322"]

1.Nf3 Nf6 2.c4 d6 3.d4 Bg4 4.Nc3 Bxf3 5.exf3 c6 6.Qb3 Qc7 7.Be3 Nbd7 8.Be2 g6
9.O-O Bg7 10.Rac1 O-O 11.d5 Rfe8 12.Rfd1 e6 13.Bf1 exd5 14.cxd5 c5 15.h3 a6
16.a4 Re7 17.Nb1 b6 18.Na3 Ne5 19.f4 Ned7 20.Nc4 Ree8 21.f5 Rab8 22.Bf4 Bf8
23.fxg6 hxg6 24.Na3 Re4 25.Bh2 Qa7 26.Nc4 Ne5 27.Nxe5 dxe5 28.Qf3 Qe7 29.b3
Rd8 30.Bxa6 Bh6 31.Rc4 Rd4 32.Rcxd4 cxd4 33.Bc4 Kg7 34.Qe2 Re8 35.Bb5 Nd7
36.Qc4 f6 37.Qc7 Nc5 38.Qxb6 Rd8 39.Bc4 Ne4 40.Re1 Rd6 41.Qb8 Nc3 42.a5 Nxd5
43.a6 Rd8 44.a7 Nc7 45.Bd3 Bd2 46.Ra1 Bc3 47.Ra4 Kh6 48.Qb7 Rd7 49.Qe4 Qf7
50.a8=Q {#r} 1-0

[Event "It (open)"]
[Site "Chennai (India)"]
[Date "2011.01.19"]
[Round "2"]
[White "Roy Prantik (IND)"]
[Black "Roy Chowdhury Saptarshi (IND)"]
[Result "1/2-1/2"]
[WhiteElo "2210"]
[BlackElo "2427"]

1.d4 Nf6 2.Nf3 d6 3.c4 Bg4 4.Nc3 c6 5.e4 Nbd7 6.Be2 Bxf3 7.Bxf3 e5 8.O-O Be7
9.Be3 O-O 10.Qd2 Re8 11.Be2 Bf8 12.d5 Qc7 13.Rfd1 a6 14.Rac1 h6 15.h3 Nh7
16.Bg4 c5 17.g3 Ndf6 18.Bf3 Qd7 19.Kg2 b5 20.Ne2 b4 21.g4 Kh8 22.Ng3 Ng8
23.Nf5 Ne7 24.Kh2 Ng6 25.h4 Qd8 26.Kg3 Ra7 27.Rh1 Ne7 28.Rcg1 a5 29.Rh3 a4
30.Kh2 a3 {#d} 1/2-1/2